000 01561nam0a2200397 4500
001 RU\NLR\bibl\1123790
005 20260406070045.0
010 _a978-5-93457-169-7
_910000
021 _aRU
_b2007-48208
_92560
035 _a(nilc)EL/0000139528
035 _aRUM0031828
035 _a(NLR Aleph) 001110739
090 _a1236468
_c1236468
100 _a20070725d2007 |||y0rusy50 ca
101 0 _arus
102 _aRU
105 _aa z |||||
200 1 _aРозы
_e33 надежных сорта для вашего сада
_fНаталья Анзигитова
210 _aМосква
_cФитон+
_d2007
215 _a32 с.
_cцв. ил.
_d22
225 1 _aШкола садовника
606 1 _aРозы
_xСорта
_91567092
_3RU\NLR\auth\66986063
606 1 _aРозы
_xКультура на приусадебных участках
_92237761
_3RU\NLR\auth\661342901
610 0 _aроза
_aRosa
_aустойчивые сорта
_aагробиологическая характеристика
_aприусадебные участки
675 _a635.9:582.711.71
_v4
686 _a75.35.35.25
_2rugasnti
686 _a68.35.57.47.55
_2rugasnti
686 _aП275.9розы-36
686 _aП275.9розы-4
700 1 _4070
_8rus
_7ca
_aАнзигитова
_bН.В.
_gНаталья Валерьевна
_3RU\NLR\auth\7715425
_9125074
801 0 _aRU
_bЦНСХБ РАСХН
_c20070725
_gRCR
801 1 _aRU
_bЦНСХБ РАСХН
_c20070822
801 2 _aRU
_bNLR
_c20070904
_grcr
942 _cBOOK
980 _aNB